000 01009nam a22001817a 4500
003 OSt
005 20251211162722.0
008 251211b |||||||| |||| 00| 0 eng d
040 _cDCL
082 _a၂၉၄.၃၈၂၃
100 0 _aသဇ္ဇနာဘိဝံသ၊
_cဘဒ္ဒန္တ-
130 _aတိပိဋက။
_pသုတ္တန္တပိဋက။
_pခုဒ္ဒကနိကာယ။
_tဥဒါန၊
_lပါဠိတော်၊
_sနိဿယ။
245 _aသုတ္တနိပါတ ပါဠိတော်နိဿယသစ် /
_cဘဒန္တသဇ္ဇနာဘိဝံသ။
264 _aရန်ကုန် ၊
_bသီတဂူကမ္ဘာ့ဗုဒ္ဒတက္ကသိုလ်၊
_c၂၀၀၇။
300 _aန၊ ၈၇၈ စာမျက်နှာ ၊
_c၂၄ စင်တီ။
650 _aသုတ္တနိပါတ
_vပါဠိတော် နိဿယသစ်။
942 _2ddc
_cSHORT TERM
_n0
999 _c2689
_d2689